Paesi simili alle regioni italiane per popolazione - Statistics

Statistiche generali
  • Questo quiz è stato fatto 3.407 volte
  • Il punteggio medio è 14 su 20
Risposte nella Mappa
Le risposte nella mappa del quiz sottostante sono codificate secondo una scala di colori dal rosso al verde in base alla % di persone che hanno risposto correttamente.
 
Statistiche sulle risposte
Mappa delle bandiere Regione Paese % Corretto
VT Veneto Irlanda
92%
LB Lombardia Svezia
92%
FV Friuli-Venezia Giulia Cipro
88%
CM Campania Danimarca
86%
PG Puglia Moldavia
85%
SD Sardegna Lettonia
84%
PM Piemonte Panama
84%
LZ Lazio Singapore
82%
SC Sicilia Liberia
74%
ER Emilia-Romagna Mauritania
67%
TS Toscana Eritrea
63%
AO Valle d'Aosta Kiribati
63%
LG Liguria Bahrain
60%
BS Basilicata Capo Verde
60%
UM Umbria Comoros
55%
TA Trentino-Alto Adige Gibuti
53%
AZ Abruzzo Timor Est
52%
CL Calabria Guinea-Bissau
50%
MR Marche Guinea Equatoriale
50%
ML Molise Vanuatu
50%
Nessun quiz corrispondente trovato
Distribuzione punteggi
Percentuale di utenti per punteggio
Percentile per numero di risposta
I tuoi punteggi nel tempo
Non hai fatto questo quiz